The travels of Ibn Jubayr, being the chronicle of a mediaeval Spanish Moor concerning his journey to the Egypt of Saladin, the holy cities of Arabia, Baghdad the city of the caliphs, the Latin kingdom of Jerusalem, and the Norman kingdom of Sicily Translated from the original Arabic by R. J. C. Broadhurst, with an introd. and notes.
Main Author:
Other Authors:
Format: Book
Language:
English
Arabic
Published:
London :
J. Cape,
[1952].
Subjects:
Tags: Add Tag
Call Number: DS46 .I213 1952
| LEADER | 01324nam a2200325I 4500 | ||
|---|---|---|---|
| 001 | 5322 | ||
| 003 | OSt | ||
| 005 | 20260309113425.0 | ||
| 008 | 130303s1952 enkb b 000 0 eng d | ||
| 010 | |a 53023033 | ||
| 015 | |a GB52-13308 | ||
| 029 | 1 | |a UKM |b b5213308 | |
| 035 | |a ocm00615767 | ||
| 040 | |c ARCE Library | ||
| 041 | 1 | |a eng |h ara | |
| 043 | |a aw----- | ||
| 050 | 4 | |a DS46 .I213 1952 | |
| 100 | 1 | |6 880-01 |a Ibn Jubayr, Muḥammad ibn Aḥmad, |d 1145-1217, |e author | |
| 245 | 1 | 4 | |a The travels of Ibn Jubayr, being the chronicle of a mediaeval Spanish Moor concerning his journey to the Egypt of Saladin, the holy cities of Arabia, Baghdad the city of the caliphs, the Latin kingdom of Jerusalem, and the Norman kingdom of Sicily |b Translated from the original Arabic by R. J. C. Broadhurst, with an introd. and notes. |c |
| 264 | 1 | |a London : |b J. Cape, |c [1952]. | |
| 300 | |a 430 pages : |b folded maps ; |c 24 cm. | ||
| 504 | |a Includes bibliographical references. | ||
| 651 | 0 | |a Islamic Empire |x Description and travel. | |
| 651 | 0 | |a Middle East |x Description and travel. | |
| 651 | 0 | |a Islamic countries. | |
| 700 | 1 | |a Broadhurst, R. J. C. |q (Ronald Joseph Callender) |9 27322 | |
| 880 | 1 | |6 100-01/(3/r |a ابن جبير، محمد بن أحمد، |d 1145-1217. | |
| 901 | |a reviewed | ||
| 942 | |c BK |2 lcc | ||
| 999 | |c 5257 |d 5257 | ||
